000 00624nam a22002297a 4500
999 _c4003
_d4003
003 Nust
005 20170105101617.0
008 161206b xxu||||| |||| 00| 0 eng d
020 _a978-8176488723 (pbk)
040 _cNust
041 _heng
082 _a371.102
_bSID
100 _aMujibul Hasan Siddique
245 _aTechniques of teaching strategies
260 _aNew Delhi:
_bAPH publications,
_c2011.
300 _a313p.
650 _aTeaching--Aids and devices
650 _aTeaching--Methodology
650 _aLearning disabilities--Treatment
650 _aTeachers--Study and teaching
942 _2ddc
_cBK